Olympic Competing Nations by Abbreviation #3 - Statistics

General Stats
  • This quiz has been taken 998 times
  • The average score is 14 of 20
Answer Stats
Code Nation % Correct
JPN Japan
99%
BRA Brazil
98%
FIJ Fiji
98%
QAT Qatar
98%
AUT Austria
97%
HUN Hungary
97%
ISR Israel
97%
TUR Turkey
97%
BEL Belgium
95%
SUI Switzerland
83%
LIE Liechtenstein
80%
KGZ Kyrgyzstan
66%
MON Monaco
63%
BAN Bangladesh
61%
PNG Papua New Guinea
45%
CRC Costa Rica
43%
BIH Bosnia and Herzegovina
41%
LCA Saint Lucia
25%
ESA El Salvador
22%
IVB British Virgin Islands
15%
No matching quizzes found
Score Distribution
Percent of People with Each Score
Percentile by Number Answered
Your Score History
You have not taken this quiz